000 01294nam a2200265 i 4500
003 DO-SdBNP
005 20240715093439.0
006 a||||gr|||| 00| 0
007 ta
008 240712e2002 cu ac||| |||| 00| 0 spa d
040 _aDO-SdBNP
_bspa
_cBNPHU
_erda
082 4 _222
_bA321
100 1 _aAlarcón de Quesada, Ricardo
_eautor
_986068
_d1937-2022
245 1 3 _aEl día que se concozca la verdad cesará la injusticia /
_cRicardo Alarcón de Quesada; editora, Rebeca Nieves Amaro.
264 1 _aBrasilia :
_bAsamblea Nacional del Poder Popular,
_c2002
300 _a52 páginas :
_bilustraciones, retratos ;
_c21 cm.
336 _2rdacontent
_atexto
_btxt
337 _2rdamedia
_asin mediación
_bn
338 _2rdacarrier
_avolumen
_bnc
505 _aIntervención de Ricardo Alarcón de Quesada, en la X Conferencia Internacional de Estudios Europeos.--
_tIntervención de Ricardo Alarcón en un panel dedicado a los cinco cubanos prisioneros en los Estados Unidos, durante el XII Congreso Internacional de Derecho de Familia.--
_tPalabras de Ricardo Alarcón de Quesada, en la Clusura del I encuentro de Derecho de Justicia.
590 _aInventariado 2024 / MF
600 1 4 _aAlarcón de Quesada, Ricardo,
_986069
700 1 _aRebeca Nieves Amaro
_eeditor
_986070
942 _2ddc
_cLBS1
999 _c57281
_d57281